El control de la natalidad en Costa Rica
Se analizan los programas de planificación familiar en Costa Rica, su pertinencia y sus alcances así como el posible papel de las parteras como colaboradoras al informar y motivas sobre la importancia de la planificación familiar y el uso de métodos anticonceptivos
Sábháilte in:
| Formáid: | Téacs |
|---|---|
| Ábhair: | |
| Clibeanna: |
Cuir clib leis
Níl clibeanna ann, Bí ar an gcéad duine le clib a chur leis an taifead seo!
|
MARC
| LEADER | 00000 a a2200000 04500 | ||
|---|---|---|---|
| 001 | 14004 | ||
| 003 | |||
| 040 | |||
| 245 | |a El control de la natalidad en Costa Rica | ||
| 520 | |a Se analizan los programas de planificación familiar en Costa Rica, su pertinencia y sus alcances así como el posible papel de las parteras como colaboradoras al informar y motivas sobre la importancia de la planificación familiar y el uso de métodos anticonceptivos | ||
| 650 | |a DERECHOS REPRODUCTIVOS | ||
| 650 | |a PLANIFICACION FAMILIAR | ||
| 650 | |a METODOS ANTICONCEPTIVOS | ||
| 650 | |a PROGRAMAS DE PLANIFICACION FAMILIAR | ||
| 650 | |a COSTA RICA | ||
| 773 | |g número 2; páginas 26-40 | ||
| 999 | |c 29964 |d 29964 | ||
